| 000 | 00706nam a2200217Ia 4500 | ||
|---|---|---|---|
| 003 | IN-BaIIA | ||
| 008 | 211028s9999 xx 000 0 eng d | ||
| 040 | _cIIA Library | ||
| 080 |
_a512.9 _bKRA-1,2 |
||
| 100 |
_aKrasnov, M. L. _913039 |
||
| 245 | 0 |
_aVector analysis _ba revision of young manual of astronomy _cKrasnov M. L., Kiselev A. and Makarenko G. I. ; translated by George Yankovsky |
|
| 260 |
_aMoscow _bMIR Publishers _c1981 |
||
| 300 | _a190p. | ||
| 500 | _aDonated by Mrs. Bappu | ||
| 650 | _aAstronomy and Astrophysics Thesaurus | ||
| 650 |
_aDifferential Equations _91510 |
||
| 650 | _aVector Analysis | ||
| 700 |
_aKiselev, A. _913040 |
||
| 700 |
_aMakarenko, G. I. _913041 |
||
| 942 | _cBK | ||
| 999 |
_c7709 _d7709 |
||